01209nam a2200301Ia 4500001001200000003000800012006001900020007001500039008004100054010001700095020001500112020002400127040002100151035002000172050002600192100002000218245013000238260004900368300004200417504005400459533015200513650002300665650003000688655002900718710001700747856012600764999001700890ebr10075103CaPaEBRm u cr cn|||||||||911104s1992 njuaf sb 000 0 eng d z 91050930  z0871272717 z0871271664 (pbk.) : aCaPaEBRcCaPaEBR a(OCoLC)5773453814aGV1588.3b.H39 1992eb1 aHawkins, Erick.14aThe body is a clear place and other statements on danceh[electronic resource] /cErick Hawkins ; foreword by Alan Kriegsman. aPennington, NJ :bPrinceton Book Co.,c1992. axii, 154 p., [8] p. of plates :bill. aIncludes bibliographical references (p. 151-154). aElectronic reproduction.bPalo Alto, Calif. :cebrary,d2009.nAvailable via World Wide Web.nAccess may be limited to ebrary affiliated libraries. 0aDancexPhilosophy. 0aModern dancexPhilosophy. 7aElectronic books.2local2 aebrary, Inc.40uhttp://site.ebrary.com/lib/rucke/Doc?id=10075103zAn electronic book accessible through the World Wide Web; click to view c45176d45176